| 000 | 00702 a2200229 4500 | ||
|---|---|---|---|
| 003 | OSt | ||
| 005 | 20180116192358.0 | ||
| 008 | 120702t xxu||||| |||| 00| 0 eng d | ||
| 020 | _a0714843776 | ||
| 020 | _a9780714843773 | ||
| 040 | _c0 | ||
| 082 | _a741.60922 | ||
| 245 | 0 | 0 |
_aProfile : _bPentagram Design / _cedited by Susan Yelavich. |
| 260 |
_aLondon : _bPhaidon, _cc2004. |
||
| 300 |
_a239 p. : _b ill. (chiefly col.), ports. ; _c25 cm. |
||
| 500 | _aIncludes index. | ||
| 610 | 2 | 4 |
_aPentagram Design. _95258 |
| 650 | 1 | 0 |
_aCommercial art. _95259 |
| 700 | 1 |
_4Yelavich, Susan. _95260 |
|
| 942 |
_aSADA _cBK _k741.60922 PRO 2004 _2ddc |
||
| 999 |
_c353218 _d353218 |
||